006170000a22001570004500090001400000245005000014650003300064650002400097650003400121041001300155100002800168942001300196773004400209999001500253952019100268 aARb0029110aHansen vs. the world on the greenhouse threat14aProblemas ambientales91427914aCambio global9426214aPolíticas ambientales953660 aInglés1 aKerr, Richard A.993150 cARTICULO1 tScience3685h244q1041-1043d1989g244 c9390d9390 001040718HEMEROTECAaBogotabBogotad2015-02-27eInstituto de Ciencias NaturaleshFuera de circulaciónl0oAR 00291p010539r2015-03-25 00:00:00t1w2015-03-25xDonaciónyARTICULO